000 00689nam a2200253Ia 4500
003 OSt
005 20220912151428.0
006 a|||||r|||| 00| 0
007 ta
008 220909b |||||||| |||| 00| 0 eng d
024 _a32700
037 _cTextual
040 _aCSL
_beng
_cCSL
041 _aeng
082 _aB28, L71
100 _aGlenn Norval D
245 0 _aCohort analysis
260 _aLondon
_bSage
_c1977
300 _a72p.
_ccm.
490 _aSage university paper series on quantitative application in the social science; 5
500 _aBibliography p.
_ccm. 70-72
942 _hB28, L71
_cTEXL
_2CC
999 _c68432
_d68432